000 01832cam a22003371 4500
001 7055
003 BD-RjUL
005 20211208234347.0
008 130114r19591952ncuacg b 001 0 eng d
035 _a(BD-RjUL)7097
035 _a(OCoLC)349491
040 _aDLC
_cOAU
_dOCoLC
_dNBrockU
_dOCoLC
_dICarbS
_dOCoLC
_dDLC
_dBD-RjUL
_beng
041 _aeng
082 _a398
_bFRA 1959
110 2 _aDuke University.
_bLibrary.
_bFrank C. Brown Collection of North Carolina Folklore.
_922097
245 1 4 _aThe Frank C. Brown Collection of North Carolina Folklore :
_bthe folklore of North Carolina, collected by Dr. Frank C. Brown during the years 1912 to 1943, in collaboration with the North Carolina Folklore Society of which he was secretary-treasurer 1913-1943 /
_cGeneral editor: Newman Ivey White; associate editors: Henry M. Belden [and others] Wood engravings by Clare Leighton.
_nVolume 1
260 _aDurham, N.C.,
_bDuke University Press
_cc1952 [printed 1959]
300 _a1 v. (xiv, 712 p.)
_billus., port., music.
_c23 cm.
504 _aIncludes bibliographies.
505 0 _av. 1. Games and rhymes. Beliefs and customs. Riddles. Proverbs. Speech. Tales and legends.--v. 2. Folk ballads from North Carolina.--v. 3. Folk songs from North Carolina.--v. 4. The music of the ballads.--v. 5. The music of the folk songs.--v. 6-7. Popular beliefs and superstitions from North Carolina.
650 0 _aFolklore
_zNorth Carolina.
_922099
650 0 _aFolk songs, English
_zNorth Carolina.
_922100
700 1 _aWhite, Newman Ivey,
_d1892-1948,
_eed.
_922101
700 1 _aBrown, Frank Clyde,
_d1870-1943.
_922102
710 2 _aNorth Carolina Folklore Society.
_922103
740 0 _aNorth Carolina folklore.
942 _2ddc
_cBK
999 _c7055
_d7055